00704nam a2200169 a 450000100100000000500170001000800410002704000250006808200150009310000240010824000510013224500830018326000440026630000210031095201860033199900170051700003529420200930074233.0111027s1954 ag 000 0 spa d aDO-SdBNPbspacBNPHU axxxbW938m1 aWouk, Herman96106213aThe Caine mutiny : A novel ofwar IIlespañol13aEl motin del "Caine" :bLa novela de la segunda guerra mundial /cHerman Wouk. aBuenos Aires :bEdiciones Cenit,c1954. a481 p. ;c23 cm. 001050718RVaGRbGRcCTd2011-10-27iLF1l0oxxx W938mp35294-10r2020-06-25w2020-06-25y1zPerteneció a la biblioteca personal de Juan Isidro Jimenes- GrullónZNo se presta c34785d34785